| 000 | 00445cam a2200145 a 4500 | ||
|---|---|---|---|
| 040 | _cDLC | ||
| 082 | 0 | 0 |
_a343 ALE 1983 A067 Or. _a347.30393 |
| 245 | 0 | 0 |
_a1983 transportation law : _bissues of the '80's / |
| 260 |
_aSt. Paul, Minn. (1536 Hewitt Ave., St. Paul 55104) : _bALE, _c[c1983] |
||
| 300 |
_a106 leaves : _bill. ; _c29 cm. |
||
| 650 | 0 | _aTransportation, Automotive | |
| 650 | 0 | _aRailroad law | |
| 710 | 2 | _aHamline University. | |
| 942 | _cEK | ||
| 999 |
_c14533 _d14533 |
||